000 00389nam a22001577a 4500
005 20200528120418.0
008 200528b xxu||||| |||| 00| 0 eng d
041 _aeng
082 _a340
100 _aBARE ACT
_95744
245 _aTHE TERRORIST AFFECTED AREAS ACT1984 ( 61-1984)
260 _aDELHI
_bPROFESSIONALS BOOK PUBLISHERS
300 _a8;p
650 _aLAW
_95701
942 _cBK
999 _c6584
_d6582